| 000 | 01023cam a2200349 4500 | ||
|---|---|---|---|
| 008 | 090401t1998 xxu||||| |||| 00| 0 eng d | ||
| 020 | _a0728202964 | ||
| 035 | _a(Sirsi) u86014 | ||
| 041 | _aeng | ||
| 050 | _a711.14 | ||
| 100 | _aDenyer-Green, Barry P. D. | ||
| 245 | _aCompulsory purchase and compensation. | ||
| 250 | _a5th ed. | ||
| 260 |
_aLondon _bEstates Gazette _c1998 |
||
| 300 | _axlviii,413p. ; 22cm. | ||
| 350 | _a26.5 | ||
| 520 | _aSUPERSEDED BY 6TH EDITION, 2000 (0728203510) | ||
| 650 | _aPROPERTY-RURAL AND NATURAL ASSETS-AGRICULTURAL PROPERTY-AGRICULTURAL LAND | ||
| 650 | _aBLIGHT | ||
| 650 | _aCOMPENSATION | ||
| 650 |
_aCompulsory purchase _96228 |
||
| 650 | _aCPOS | ||
| 650 | _aDISTURBANCE | ||
| 650 | _aFARM LAND | ||
| 650 | _aLANDS TRIBUNAL | ||
| 650 | _aMITIGATION | ||
| 650 | _aWAYLEAVES | ||
| 650 | _aWORSENMENT | ||
| 690 | _aENVIRONMENTAL AND LAND CONSULTANCY-PLANNING AND DEVELOPMENT-COMPULSORY PURCHASE AND COMPENSATION | ||
| 942 | _n0 | ||
| 948 | _c06/05/1998 | ||
| 999 |
_c97101 _d97101 |
||